000 01349nam a22002057a 4500
008 100616t2003 xxu||||gr|||| 000 0 ara d
020 _a9773056384
082 _222
_a398.2
_bج ا ر
100 _98695
_aالنجار ، محمد رجب
245 _aمن فنون الأدب الشعبى فى التراث العربى /
_cمحمد رجب النجار .
260 _aالقاهرة:
_bالهيئة العامة لقصور الثقافة،
_c2003.
300 _a:240ص
_c؛24 سم
_bأيض.
490 _914652
_a ؛مكتبة الدراسات الشعبية
_v48.
504 _aيحتوى على إرجاعات ببليوجرافية
650 _917542
_aالأدب الشعبى
_yتاريخ و نقد
650 _917542
_aالأدب الشعبى
_yتاريخ و نقد
942 _2ddc
_cBB
999 _c14105
_d14105